00455nam a2200181 a 4500001001300000003000900013005001700022008004100039020000900080082001800089100002800107245002300135260003400158300000900192500003500201505001000236650002700246nice12345678IN_TiNIC20260116012339.0050524s1972 boma grp 000 0 eng  ac1200a954.0236bKHA aKhani, Muhammad Bihamad aTarikh-I-Muhammadi aBombaybAsia Pub. Housec1972 a110p aincludes index and biblioraphy2 aIndex aIndia-History Mideaval